000 00298nam a22001337a 4500
008 210521b ||||| |||| 00| 0 eng d
041 _aeng
080 _a572
082 _a572
100 _a24
101 _aANT
245 _aWho's Who in Greek and Roman Mythology
_cKravitz,D
942 _2udc
_cBK
999 _c57572
_d57572